ბათუმის შოთა რუსთაველის სახელმწიფო უნივერსიტეტის ბიბლიოთეკა

Greenhouse Gardening and Growing Under Glass (ბიბ.ჩანაწერი № 47432)

000 -LEADER
fixed length control field 00493nam a2200205Ia 4500
001 - CONTROL NUMBER
control field 14294
003 - CONTROL NUMBER IDENTIFIER
control field GE_BSU
008 - FIXED-LENGTH DATA ELEMENTS--GENERAL INFORMATION
fixed length control field 181216s||||||||xx |||||||||||||| ||und||
020 ## - INTERNATIONAL STANDARD BOOK NUMBER
International Standard Book Number 0706438736
040 ## - CATALOGING SOURCE
Transcribing agency GE_BSU
080 ## - UNIVERSAL DECIMAL CLASSIFICATION NUMBER
Universal Decimal Classification number 635.9
100 ## - MAIN ENTRY--PERSONAL NAME
Personal name Beckett, Kenneth A.
245 ## - TITLE STATEMENT
Title Greenhouse Gardening and Growing Under Glass
260 ## - PUBLICATION, DISTRIBUTION, ETC.
Place of publication, distribution, etc. London
260 ## - PUBLICATION, DISTRIBUTION, ETC.
Name of publisher, distributor, etc. Octopus Books
260 ## - PUBLICATION, DISTRIBUTION, ETC.
Date of publication, distribution, etc. 1989
300 ## - PHYSICAL DESCRIPTION
Extent 96p.ill.
653 ## - INDEX TERM--UNCONTROLLED
Uncontrolled term Greenhouse Gardening and Growing Under Glass
942 ## - ADDED ENTRY ELEMENTS (KOHA)
Koha item type წიგნი
ეგზემპლარები
Withdrawn status Lost status Damaged status Not for loan Date acquired Barcode Date last seen Price effective from Koha item type
        2018-12-17 37600 2018-12-17 2018-12-17 წიგნი